[Event "Palmira op-B"]
[Site "Palmira"]
[Date "2022.12.15"]
[Round "2"]
[White "Triana Castro, Francisco Javier"]
[Black "Chavez Duero, Brayan Steven"]
[Result "0-1"]
[WhiteElo "1596"]
[BlackElo "1890"]
[PlyCount "94"]
[EventDate "2022.12.14"]
[EventType "swiss"]
[EventRounds "8"]
[EventCountry "COL"]
[SourceTitle "CBM 211 Extra"]
[Source "ChessBase"]
[SourceDate "2023.01.31"]
[SourceVersion "1"]
[SourceVersionDate "2023.01.31"]
[SourceQuality "1"]

1. d4 Nf6 2. Nf3 g6 3. Bg5 Bg7 4. Nbd2 d5 5. e3 0-0 6. Bd3 Nbd7 7. c4 c6 8. 0-0 Re8 9. h3 h6 10. Bxf6 Nxf6 11. cxd5 Nxd5 12. a3 e5 13. Qc2 exd4 14. Nxd4 Bxd4 15. exd4 Nf4 16. Nf3 Qd5 17. Bc4 Qh5 18. Ne5 Rxe5 19. dxe5 Bxh3 20. Qd1 Qg5 21. g3 b5 22. Bb3 Rd8 23. Qf3 Bxf1 24. Kxf1 Rd3 25. Qxc6 Rxb3 26. gxf4 Qxf4 27. e6 Rxb2 28. exf7+ Qxf7 29. Qc5 Qc4+ 30. Qxc4+ bxc4 31. Rc1 Ra2 32. Rc3 Kf7 33. Kg2 a5 34. Kg3 Ke6 35. Rxc4 Rxa3+ 36. Kg4 Rd3 37. f4 Rd6 38. Rc5 Ra6 39. Re5+ Kf6 40. Re3 a4 41. Ra3 Ke6 42. Kf3 Kd5 43. Ke3 Kc4 44. Kd2 Kb4 45. Rh3 a3 46. Rh1 a2 47. Ra1 Kb3 0-1

[Event "Cali Masificacion op"]
[Site "Cali"]
[Date "2021.12.26"]
[Round "1"]
[White "Lopez Rayo, Santiago"]
[Black "Chavez Duero, Brayan Steven"]
[Result "1-0"]
[WhiteElo "2139"]
[BlackElo "1869"]
[PlyCount "113"]
[EventDate "2021.12.26"]
[EventType "swiss"]
[EventRounds "7"]
[EventCountry "COL"]
[SourceTitle "CBM 205 Extra"]
[Source "ChessBase"]
[SourceDate "2022.01.31"]
[SourceVersion "1"]
[SourceVersionDate "2022.01.31"]
[SourceQuality "1"]

1. e4 c5 2. Nf3 g6 3. d4 cxd4 4. Nxd4 Nc6 5. c4 Nf6 6. Nc3 d6 7. Be2 Nxd4 8. Qxd4 Bg7 9. Be3 0-0 10. Qd2 Bd7 11. 0-0 a5 12. b3 Bc6 13. f3 Nd7 14. Rab1 Nc5 15. Rfc1 Be5 16. Nd1 Qb8 17. Nf2 Rd8 18. Ng4 Bg7 19. Bg5 Re8 20. Bh6 Bh8 21. Ne3 Qa7 22. Kh1 Qb6 23. Nd5 Bxd5 24. cxd5 Qb4 25. a4 Qxd2 26. Bxd2 b6 27. Bb5 Rf8 28. Re1 Bd4 29. g3 Ra7 30. Kg2 Rc8 31. Rec1 Rb8 32. Kf1 Nd7 33. Ke2 Bc5 34. f4 Nf6 35. Kf3 e6 36. Bc3 Ne8 37. dxe6 fxe6 38. Bc4 Nc7 39. Rd1 Rd8 40. Rd2 Kf7 41. f5 gxf5 42. exf5 d5 43. fxe6+ Kxe6 44. Re1+ Kd6 45. Be5+ Kc6 46. Bxc7 Rxc7 47. Re6+ Kb7 48. Rxd5 Rxd5 49. Bxd5+ Kb8 50. Ke4 Rg7 51. Ke5 Bg1 52. Rh6 Kc7 53. Be4 Re7+ 54. Kf4 Kd7 55. h4 Rf7+ 56. Bf5+ Ke7 57. Rxh7 1-0

[Event "COL Subzt 2.3.4"]
[Site "Risarald"]
[Date "2021.11.27"]
[Round "8"]
[White "Chavez Duero, Brayan Steven"]
[Black "Vargas Arteaga, Alexis"]
[Result "0-1"]
[WhiteElo "1960"]
[BlackElo "2277"]
[PlyCount "123"]
[EventDate "2021.11.23"]
[EventType "swiss"]
[EventRounds "9"]
[EventCountry "COL"]
[SourceTitle "CBM 205 Extra"]
[Source "ChessBase"]
[SourceDate "2022.01.31"]
[SourceVersion "1"]
[SourceVersionDate "2022.01.31"]
[SourceQuality "1"]

1. e4 c5 2. Nf3 d6 3. d4 cxd4 4. Nxd4 Nf6 5. Nc3 a6 6. f3 Qb6 7. Qd3 Nc6 8. Nb3 e6 9. Be3 Qc7 10. 0-0-0 Be7 11. g4 Ne5 12. Qe2 b5 13. Qf2 0-0 14. Rg1 Bb7 15. g5 Nfd7 16. f4 b4 17. Nb1 Nc4 18. Bd3 Rfc8 19. N1d2 Nxe3 20. Qxe3 a5 21. Nf3 a4 22. Nbd4 Qb6 23. Kd2 Nc5 24. Ke2 Ba6 25. Kf2 Bd8 26. Kg3 Qb8 27. Rge1 b3 28. Bxa6 bxc2 29. Bxc8 cxd1Q 30. Rxd1 Qxc8 31. Nb5 Be7 32. Nxd6 Qc7 33. e5 Ra6 34. Ne4 a3 35. b3 Rc6 36. Nxc5 Rxc5 37. Qe4 Qc8 38. Rd4 Rc2 39. Rc4 Rxc4 40. Qxc4 Qb7 41. Nd4 Qe4 42. Nf3 Qb1 43. Qe2 g6 44. Qd2 Kg7 45. Ne1 h6 46. gxh6+ Kxh6 47. h4 Kg7 48. Qe2 Qb2 49. Kf3 Bxh4 50. Nd3 Qb1 51. Ke4 Be7 52. Qd2 Qh1+ 53. Kd4 Qc6 54. b4 Bd8 55. Nc5 Qf3 56. Qe3 Qd5+ 57. Kc3 Qxa2 58. Qd2 Qxd2+ 59. Kxd2 a2 60. Nb3 g5 61. fxg5 Bc7 62. Kd3 0-1

[Event "Medellin Raza op"]
[Site "Medellin"]
[Date "2021.10.09"]
[Round "7"]
[White "Chavez Duero, Brayan Steven"]
[Black "Moscoso Sanchez, Fernando"]
[Result "1-0"]
[WhiteElo "1992"]
[BlackElo "2138"]
[PlyCount "67"]
[EventDate "2021.10.06"]
[EventType "swiss"]
[EventRounds "9"]
[EventCountry "COL"]
[SourceTitle "EXT 2023"]
[Source "ChessBase"]
[SourceDate "2022.10.05"]
[SourceVersion "1"]
[SourceVersionDate "2022.10.05"]
[SourceQuality "1"]

1. e4 e5 2. Nf3 Nc6 3. d4 exd4 4. Nxd4 Bc5 5. Nb3 Bb4+ 6. c3 Be7 7. Bd3 d5 8. 0-0 Nf6 9. exd5 Qxd5 10. Bc2 Be6 11. Qxd5 Bxd5 12. Bf4 0-0-0 13. N1d2 a5 14. Rfe1 g5 15. Bg3 Be6 16. Nf3 g4 17. Nfd4 Bxb3 18. Bxb3 Nxd4 19. Rxe7 Nb5 20. Rxf7 Ne4 21. Be6+ Kb8 22. Bxg4 Nxg3 23. hxg3 Rd2 24. Rb1 Nd6 25. Re7 Nc4 26. Re2 Rhd8 27. b3 Nb6 28. Rbe1 a4 29. c4 axb3 30. axb3 Rxe2 31. Rxe2 Rd1+ 32. Kh2 Rb1 33. Re3 Rb2 34. f4 1-0

[Event "Medellin Raza op"]
[Site "Medellin"]
[Date "2021.10.09"]
[Round "6"]
[White "Shaffer, Alexander"]
[Black "Chavez Duero, Brayan Steven"]
[Result "0-1"]
[WhiteElo "1805"]
[BlackElo "1992"]
[PlyCount "88"]
[EventDate "2021.10.06"]
[EventType "swiss"]
[EventRounds "9"]
[EventCountry "COL"]
[SourceTitle "EXT 2023"]
[Source "ChessBase"]
[SourceDate "2022.10.05"]
[SourceVersion "1"]
[SourceVersionDate "2022.10.05"]
[SourceQuality "1"]

1. d4 Nf6 2. Nf3 b6 3. e3 Bb7 4. Bd3 e6 5. 0-0 d5 6. c4 Bd6 7. b3 0-0 8. Bb2 Ne4 9. Nbd2 f5 10. Ne5 Bxe5 11. dxe5 Nxd2 12. Qxd2 dxc4 13. bxc4 Qd7 14. Rfd1 Rd8 15. Qc2 Qc6 16. Bf1 Na6 17. Rxd8+ Rxd8 18. Rd1 Rd7 19. Rxd7 Qxd7 20. Qd3 Qxd3 21. Bxd3 Nb4 22. Bb1 Kf7 23. f4 Ba6 24. Bc3 Nc6 25. Bd3 Ke7 26. Kf2 Kd7 27. Ke2 Nd8 28. Kd2 Nb7 29. Bb4 g6 30. Kc3 c5 31. Ba3 Na5 32. Bc1 Bb7 33. g3 a6 34. Bd2 Be4 35. Bxe4 fxe4 36. g4 b5 37. cxb5 axb5 38. a3 Kc6 39. Bc1 Kd5 40. h4 h5 41. gxh5 gxh5 42. Bd2 Nc6 43. Bc1 Ne7 44. Bd2 Nf5 0-1

[Event "Medellin Raza op"]
[Site "Medellin"]
[Date "2021.10.07"]
[Round "3"]
[White "Chavez Duero, Brayan Steven"]
[Black "Diaz Larrea, Juan Manuel"]
[Result "0-1"]
[WhiteElo "1992"]
[BlackElo "1585"]
[PlyCount "70"]
[EventDate "2021.10.06"]
[EventType "swiss"]
[EventRounds "9"]
[EventCountry "COL"]
[SourceTitle "EXT 2023"]
[Source "ChessBase"]
[SourceDate "2022.10.05"]
[SourceVersion "1"]
[SourceVersionDate "2022.10.05"]
[SourceQuality "1"]

1. e4 e5 2. Nf3 Nc6 3. d4 exd4 4. Nxd4 Bc5 5. Nb3 Bb6 6. Nc3 Nf6 7. Qe2 0-0 8. Be3 d6 9. f3 Be6 10. 0-0-0 Ne5 11. g4 Nexg4 12. Bxb6 axb6 13. fxg4 Bxg4 14. Qd2 Bxd1 15. Qxd1 Qe7 16. Qf3 Qe5 17. h3 c6 18. Bg2 Nd7 19. Nd2 b5 20. Rd1 b4 21. Ncb1 b5 22. c4 Rxa2 23. Qb3 Rfa8 24. Qxb4 Nc5 25. Qc3 Nd3+ 26. Kc2 Nxb2 27. Qxe5 Nxd1+ 28. Kxd1 dxe5 29. cxb5 cxb5 30. Nc3 Ra1+ 31. Ke2 b4 32. Nd5 Rb8 33. Ne7+ Kf8 34. Nc6 Rb7 35. Nxe5 b3 0-1

[Event "COL-ch sf"]
[Site "Santa Rosa"]
[Date "2021.08.13"]
[Round "4"]
[White "Bolanos Lopez, Juan Jacobo"]
[Black "Chavez Duero, Brayan Steven"]
[Result "0-1"]
[WhiteElo "1509"]
[BlackElo "2026"]
[PlyCount "118"]
[EventDate "2021.08.11"]
[EventType "swiss"]
[EventRounds "11"]
[EventCountry "COL"]
[SourceTitle "CBM 204 Extra"]
[Source "ChessBase"]
[SourceDate "2021.11.30"]
[SourceVersion "1"]
[SourceVersionDate "2021.11.30"]
[SourceQuality "1"]

1. e4 c5 2. c3 Nf6 3. e5 Nd5 4. d4 cxd4 5. cxd4 Nc6 6. Nf3 d6 7. Bc4 Nb6 8. Bb5 d5 9. 0-0 a6 10. Bxc6+ bxc6 11. b3 Bg4 12. h3 Bh5 13. Ba3 Nd7 14. g4 Bg6 15. e6 fxe6 16. Ne5 Nxe5 17. dxe5 h5 18. g5 h4 19. Qd4 Qa5 20. Qc5 Qxc5 21. Bxc5 Rd8 22. Bd4 Bf5 23. Kh2 c5 24. Bxc5 d4 25. Rd1 d3 26. Be3 g6 27. Nc3 Bg7 28. f4 0-0 29. Rac1 Rc8 30. Nb1 Rc2+ 31. Nd2 Rxa2 32. Ra1 Rc2 33. Rxa6 Rb8 34. Bf2 Rb2 35. Bd4 Rc2 36. Bf2 Rxb3 37. Nxb3 Rxf2+ 38. Kg1 Rxf4 39. Ra5 Rf3 40. Re1 Rxh3 41. Ra4 Rg3+ 42. Kf2 Rh3 43. Kg1 Rg3+ 44. Kf2 Rh3 45. Kg1 Kf7 46. Kf2 Rh2+ 47. Kg1 Rb2 48. Ra3 h3 49. Nd4 d2 50. Rd1 Bxe5 51. Nxf5 h2+ 52. Kh1 exf5 53. Rf3 Rc2 54. Kg2 Rc1 55. Rff1 Rxd1 56. Rxd1 Bf4 57. Kh3 e5 58. Ra1 Bxg5 59. Kxh2 e4 0-1

[Event "COL-ch sf"]
[Site "Santa Rosa"]
[Date "2021.08.13"]
[Round "5"]
[White "Chavez Duero, Brayan Steven"]
[Black "Mateus Urbano, Luis Alejandro"]
[Result "0-1"]
[WhiteElo "2026"]
[BlackElo "2352"]
[PlyCount "58"]
[EventDate "2021.08.11"]
[EventType "swiss"]
[EventRounds "11"]
[EventCountry "COL"]
[SourceTitle "CBM 204 Extra"]
[Source "ChessBase"]
[SourceDate "2021.11.30"]
[SourceVersion "1"]
[SourceVersionDate "2021.11.30"]
[SourceQuality "1"]

1. e4 c5 2. Nf3 d6 3. d4 cxd4 4. Nxd4 Nf6 5. Nc3 a6 6. f3 e5 7. Nb3 Be6 8. Be3 Be7 9. g4 d5 10. exd5 Nxd5 11. Nxd5 Bh4+ 12. Bf2 Bxf2+ 13. Kxf2 Bxd5 14. c4 Qh4+ 15. Ke3 Be6 16. Nc5 0-0 17. Bd3 Nc6 18. Qe1 Qe7 19. Nb3 Nb4 20. Qe2 b5 21. Rhd1 Nxd3 22. Qxd3 bxc4 23. Qd6 Qg5+ 24. Kf2 cxb3 25. axb3 Rac8 26. Qd2 Qh4+ 27. Kg2 e4 28. Qf2 exf3+ 29. Qxf3 Rc2+ 0-1

[Event "COL-ch sf"]
[Site "Santa Rosa"]
[Date "2021.08.12"]
[Round "3"]
[White "Chavez Duero, Brayan Steven"]
[Black "Torres, Saulo de Jesus"]
[Result "1-0"]
[WhiteElo "2026"]
[BlackElo "1773"]
[PlyCount "65"]
[EventDate "2021.08.11"]
[EventType "swiss"]
[EventRounds "11"]
[EventCountry "COL"]
[SourceTitle "CBM 204 Extra"]
[Source "ChessBase"]
[SourceDate "2021.11.30"]
[SourceVersion "1"]
[SourceVersionDate "2021.11.30"]
[SourceQuality "1"]

1. e4 c5 2. Nf3 g6 3. d4 cxd4 4. Nxd4 Bg7 5. c4 Nf6 6. Nc3 d6 7. f3 Nc6 8. Be3 0-0 9. Qd2 Nxd4 10. Bxd4 Be6 11. Rc1 Qa5 12. Bd3 Nd7 13. Bxg7 Kxg7 14. b3 Ne5 15. f4 Nxd3+ 16. Qxd3 Qc5 17. Na4 Qa5+ 18. Qd2 Qxd2+ 19. Kxd2 f5 20. Rhe1 Rf7 21. e5 dxe5 22. Rxe5 Rd8+ 23. Kc3 Bc8 24. Rce1 Kf6 25. Ra5 a6 26. Nb6 g5 27. Rc5 Rff8 28. Nd5+ Rxd5 29. fxg5+ Kxg5 30. cxd5 Kf6 31. Rc7 e5 32. Kb4 e4 33. Rec1 1-0

[Event "Feria de las Flores 28th"]
[Site "Medellin"]
[Date "2021.08.08"]
[Round "9"]
[White "Dominguez Rincon, Miller Duvan"]
[Black "Chavez Duero, Brayan Steven"]
[Result "1-0"]
[WhiteElo "2106"]
[BlackElo "2026"]
[PlyCount "115"]
[EventDate "2021.08.04"]
[EventType "swiss"]
[EventRounds "9"]
[EventCountry "COL"]
[SourceTitle "EXT 2022"]
[Source "ChessBase"]
[SourceDate "2021.10.06"]
[SourceVersion "1"]
[SourceVersionDate "2021.10.06"]
[SourceQuality "1"]

1. e4 c5 2. Nc3 g6 3. f4 Nc6 4. Nf3 Bg7 5. Bc4 d6 6. 0-0 e6 7. d3 Nge7 8. Qe1 Nd4 9. Nxd4 cxd4 10. Ne2 0-0 11. Bb3 a5 12. a4 Qc7 13. Qg3 Kh8 14. Kh1 Bd7 15. Bd2 b5 16. axb5 Bxb5 17. Qg5 f5 18. e5 Nc6 19. Rf3 dxe5 20. Rh3 Qf7 21. fxe5 Nxe5 22. Nxd4 Bd7 23. Bc3 Ng4 24. Qh4 h6 25. Re1 Rae8 26. Nf3 Bxc3 27. bxc3 Qf6 28. Ne5 Qxh4 29. Rxh4 Nxe5 30. Rxe5 a4 31. Ba2 Rb8 32. Rb4 Rfc8 33. Bc4 Ra8 34. Kg1 a3 35. Re1 Ra7 36. Kf2 Kg7 37. Ra1 Kf6 38. Rb3 Rca8 39. Ke3 Ra5 40. d4 Bc6 41. Rb6 Rc8 42. Bb3 Ke7 43. Kd2 Kd7 44. Re1 Kc7 45. Rb4 Bxg2 46. Rc4+ Bc6 47. Rxe6 Kd7 48. Re1 f4 49. Rb4 Rh5 50. Be6+ Kc7 51. Bxc8 Kxc8 52. Re6 Rxh2+ 53. Kd3 Bd7 54. Ra6 Bf5+ 55. Kc4 f3 56. Kc5 Rxc2 57. Kd6 Be4 58. Rab6 1-0

[Event "Feria de las Flores 28th"]
[Site "Medellin"]
[Date "2021.08.05"]
[Round "2"]
[White "Gonzalez Lopez, Nicolas Mateo"]
[Black "Chavez Duero, Brayan Steven"]
[Result "1/2-1/2"]
[WhiteElo "2205"]
[BlackElo "2026"]
[PlyCount "64"]
[EventDate "2021.08.04"]
[EventType "swiss"]
[EventRounds "9"]
[EventCountry "COL"]
[SourceTitle "EXT 2022"]
[Source "ChessBase"]
[SourceDate "2021.10.06"]
[SourceVersion "1"]
[SourceVersionDate "2021.10.06"]
[SourceQuality "1"]

1. e4 c5 2. Nf3 g6 3. d4 cxd4 4. Nxd4 Nc6 5. Nc3 Bg7 6. Be3 Nf6 7. Be2 0-0 8. 0-0 d6 9. Kh1 a6 10. f4 Bd7 11. Nb3 Rc8 12. a4 Be6 13. Bf3 Na5 14. Nxa5 Qxa5 15. Nd5 Bxd5 16. exd5 Qb4 17. Ra2 Nd7 18. Qe2 Qc4 19. Qxc4 Rxc4 20. b3 Rc7 21. c4 b5 22. Be2 bxc4 23. Bxc4 Rb8 24. Re2 Bf6 25. g4 a5 26. g5 Bc3 27. Rf3 Bb4 28. Bd4 Nc5 29. f5 gxf5 30. Bxc5 Bxc5 31. Rxf5 Bd4 32. Re4 Be5 1/2-1/2

[Event "Pereira Easter op"]
[Site "Pereira"]
[Date "2021.04.03"]
[Round "4"]
[White "Chavez Duero, Brayan Steven"]
[Black "Gomez Saenz, Manuela"]
[Result "1-0"]
[WhiteElo "2053"]
[BlackElo "1554"]
[PlyCount "43"]
[EventDate "2021.04.01"]
[EventType "swiss"]
[EventRounds "7"]
[EventCountry "COL"]
[SourceTitle "EXT 2022"]
[Source "ChessBase"]
[SourceDate "2021.10.06"]
[SourceVersion "1"]
[SourceVersionDate "2021.10.06"]
[SourceQuality "1"]

1. e4 c5 2. b3 d6 3. Bb2 Nc6 4. Bb5 Bd7 5. f4 Nf6 6. d3 a6 7. Bxc6 Bxc6 8. Nd2 e6 9. h3 Be7 10. Ne2 0-0 11. 0-0 b5 12. Ng3 Nd7 13. e5 dxe5 14. fxe5 Qc7 15. Qe2 Rad8 16. Rae1 Nb6 17. Qg4 Rfe8 18. Nde4 Kh8 19. Rxf7 Rg8 20. Ng5 Qd7 21. Qh5 h6 22. Qxh6+ 1-0